000
00328nam a2200121Ia 4500
008
190722s9999 xx 000 0 und d
020
_a
978-81-317-8822-6
100
_a
Elaine A.Rich
245
0
_a
Automata, Computability & Complexity theory & applications
260
_a
New Delhi
_b
Pearson
_c
2015
300
_a
1099
942
_c
BK
999
_c
791
_d
791